00346nam a2200133 a 4500008004100000020001500041050001500056100002200071245004400093250001400137260003200151300002000183350000900203120416s0000 ||||||||||||||||| || u a0070923833 aTA 352 Bee aBeer, Ferdinand P10aVector mechanics for engineers dynamics aSI metric aNew YorkbMcGraw-Hillc1981 axv, 974p. : ill a0.00